000 00402cam a2200169 4500
001 D12602
008 090401t1941 xxu||||| |||| 00| 0 eng d
035 _a(Sirsi) u4609
041 _aeng
100 _aDavis, Raymond E.
245 _aElementary phase surveying: text and manual
260 _aLondon
_bMcGraw-Hill
_c1941
350 _a0
520 _aShelf 178
942 _n0
948 _c04/03/1997
999 _c86043
_d86043